书目信息 |
| 题名: |
文学理性的世纪课题
|
|
| 作者: | ;辽宁大学中文系 组编 | |
| 分册: | ||
| 出版信息: | 沈阳 辽宁大学出版社 2000.01 |
|
| 页数: | 343页 | |
| 开本: | 20cm | |
| 丛书名: | ||
| 单 册: | ||
| 中图分类: | I0-53 | |
| 科图分类: | ||
| 主题词: | 文学理论--研究 | |
| 电子资源: | ||
| ISBN: | 7-5610-3910-7 | |
| 000 | 00623nam0 2200193 45 | |
| 001 | 0311171046 | |
| 005 | 20031219104121.6 | |
| 010 | @a7-5610-3910-7@dCNY15.00 | |
| 100 | @a20031117d2000 km y0chiy0120 ea | |
| 101 | 0 | @achi |
| 105 | @a z 000yy | |
| 200 | 1 | @a文学理性的世纪课题@AWen Xue Li Xing De Shi Ji Ke Ti@f辽宁大学中文系组编@FLiao Ning Da Xue Zhong Wen Xi Zu Bian |
| 210 | @a沈阳@c辽宁大学出版社@d2000.01 | |
| 215 | @a343页@d20cm | |
| 606 | 0 | @a文学理论@x研究 |
| 690 | @aI0-53@v4 | |
| 711 | 02 | @a辽宁大学中文系@ALiao Ning Da Xue Zhong Wen Xi@4组编 |
| 801 | @aCN@bTSTC@c20031117 | |
| 905 | @b328241-242@dI0-53@e255@f2 | |
| 文学理性的世纪课题/辽宁大学中文系组编.-沈阳:辽宁大学出版社,2000.01 |
| 343页;20cm |
| ISBN 7-5610-3910-7:CNY15.00 |
| ● |
| 相关链接 |
|
|
|
|
正题名:文学理性的世纪课题
索取号:I0-53/255
 
预约/预借
| 序号 | 登录号 | 条形码 | 馆藏地/架位号 | 状态 | 备注 |
| 1 | 0328241 | 203282410 | 第二借阅区/ [索取号:I0-53/255] | 在馆 | |
| 2 | 0328242 | 203282429 | 第一样本阅览室/ [索取号:I0-53/255] | 在馆 | |
| 3 | 0336663 | 203366632 | 第二借阅区/ [索取号:I0-53/255] | 在馆 |